|
|
|
|
| LEADER |
00000nam a2200000 a 4500 |
| 001 |
115728 |
| 003 |
CZ-ZlUTB |
| 005 |
20260529152938.0 |
| 008 |
s d |
| 100 |
1 |
|
|a Depoo Lucie, Šnýdrová Markéta, Šnýdrová Ivana, Ježkopá Petrů Gabriela, Urbancová Hana
|
| 245 |
0 |
0 |
|a Motivace pracovního jednání
|n [MVS]
|
| 260 |
|
|
|c 2021
|
| 942 |
|
|
|2 udc
|
| 952 |
|
|
|0 0
|1 0
|4 0
|6 MVS
|7 0
|8 OTHER
|9 191354
|a UTBZL
|b UTBZL
|c 045
|d 2026-05-29
|h Titul z meziknihovní výpůjční služby, nelze vypůjčit ani rezervovat
|l 1
|o MVS
|p 2652204745
|q 2026-07-07
|r 2026-05-29 15:36:47
|s 2026-05-29
|w 2026-05-29
|y 14
|
| 992 |
|
|
|a IL
|
| 993 |
|
|
|x NEPOSILAT
|y NESPEC
|
| 999 |
|
|
|c 115728
|d 115728
|